00422cam a22001097a 4500008003800000082001800038245008400056260005900140500003200199650002900231700005200260180718b-- xxu||||| |||| 00| 0 eng d aL906x5411 C/F aReport of the Comptroller and Auditor General of India on state finances, Assam aGuwahatibComptroller and Auditor General of Indiac-- aLibrary has 2009/10-2010/11 aAuditing - India - Assam aAssam. Comptroller and Auditor General of India